Orden público y militarismo en la España constitucional

Na minha lista:
Detalhes bibliográficos
Autor principal: Ballbé, Manuel (Author)
Formato: Livro
Idioma:espanhol
Publicado em: Madrid, España Alianza 1983
Colecção:Alianza Universidad
Assuntos:
Tags: Adicionar Tag
Sem tags, seja o primeiro a adicionar uma tag!

MARC

LEADER 00000nam a2200000 a 4500
001 UCO0895
003 CL-VaPUC
005 20240402111020.0
008 000428e19830000SP |||||||||||||||||spa|d
999 |c 287534  |d 287532 
040 |c Pontificia Universidad Católica de Valparaíso 
082 0 4 |a 946 BAL 1983  |2 21 
100 0 |a Ballbé, Manuel  |e author  |9 442502 
245 1 0 |a Orden público y militarismo en la España constitucional 
260 |a Madrid, España  |b Alianza  |c 1983 
300 |a 488 páginas 
490 0 |a Alianza Universidad 
583 |a last modification  |c 20000428 00:00:00  |k Rodrigo Vera 
650 0 |a Historia de España  |9 315435 
650 0 |a Orden público  |z ESPAÑA  |9 368427 
650 7 |a MILITARISMO  |2 CL-VaPUC  |9 321522  |z ESPAÑA 
650 0 |a Franquismo  |z ESPAÑA  |9 318598 
650 7 |a GOBIERNO CONSTITUCIONAL  |2 CL-VaPUC  |9 440527  |y SIGLOS 18-19  |z ESPAÑA 
852 |a BIBCUR 
942 |c BK  |2 ddc 
945 |d 20000428 00:00:00  |a rherrera 
952 |0 0  |1 0  |2 ddc  |4 0  |6 946_000000000000000_BAL_1983  |7 0  |8 A  |9 334435  |a BIBHIS  |b BIBHIS  |d 2019-11-20  |i 1267744  |o 946 BAL 1983  |p 1267744  |r 2025-01-20  |t 1  |w 2019-11-20  |y BK  |k HIS